Регионална библиотека "Любен Каравелов" - Русе

Светът в капка вода (Запис номер 407515)

MARC детайли
000 -Лидер
Контролно поле с фиксирана дължина 02376nam a2200457 c 4500
003 - Код на организацията, давaща контролен номер
Контролно поле BLK
005 - Дата и час на последна редакция
Контролно поле 20210623100518.0
008 - Елементи от данни с фиксирана дължина
fixed length control field 180408b bul|||||r ||||||| ||bul||
010 ## - Наследен системен номер
LC control number KNG00090155000
040 ## - Източник на каталожния запис
Идентификатор на билиотеката - собственик на записа BLK
041 ## - Код за език
Код за езика на текст/звукозапис или на отделно заглавие Български
Код за езика КДБФ Български
080 ## - УДК
УДК код - определител по УДК 550.46
УДК - код + определител 550.46
100 ## - Редна дума - Автор
Автор Валтер, Драгутин Карл
Авторска отговорност първи автор
R(LIN) 1299
139 ## - Редно поле
Редна дума Валтер, Драгутин Карл
245 ## - Сведения за заглавието
Заглавие Светът в капка вода
Редно поле (дума) Драгутин Карл Валтер.
260 ## - Област на издателските данни
Име на издателя, разпространителя и проч. печ. М. Х. Костов
Година на издаване 1889
9 (RLIN) 212907
Място на издаване, разпространение и проч. Русе
300 ## - Физическа характеристика
Страници 47 с.
Илюстрации и др. с ил.
Размери/Мащаб 20 см
380 ## - Жанр
Жанр Естествени науки. Математика
490 ## - СЕРИИ (Колекции)
9 (RLIN) 435080
Име на серия Колекция Редки и ценни издания
650 #7 - Допълнително описание по предмет – тема
Основно описание – тема или топоним Вода
9 (RLIN) 150949
653 ## - Ключова дума – ненормативна
Ключова дума водолечение
653 ## - Ключова дума – ненормативна
Ключова дума вода
852 ## - Местоположение
Форматна сигнатура Рб 889
Фондова буква Редки и ценни
856 4# - Електронен адрес и достъп
Електронен формат pdf - файл
856 4# - Електронен адрес и достъп
Електронен формат pdf - файл
999 ## - СИСТЕМНИ КОНТРОЛНИ НОМЕРА
Koha biblionumber 407515
Koha biblioitemnumber 407515
942 ## - АРТИКУЛИ
Вид на библиотечния материал Книги
Скрит в OPAC Не
Периодичен библиозапис Да
944 ## - СЪЗДАВАНЕ И РЕДАКЦИЯ на ЗАПИСА
Създаване/Редакция Създаване
Дата на регистрацията/редакция 2021-04-12
Служител, извършил регистрацията/редакцията В. Т.
999 ## - СИСТЕМНИ КОНТРОЛНИ НОМЕРА
Koha biblioitemnumber 407515
Наличности
Код за отписване Код за изгубен артикул Източник на класификационната схема Код за повреда Коз за рестрикции Код за отдаване Артикулен № Име на библиотеката - собственик Име на библиотеката, в която се намира в момента Статус (Текущо местоположение) Дата на вписване в системата Местоположение - отдел Цена в лева Инвентарен номер Систематично азбучна сигнатура Баркод Цена в евро Служебен тип на артикула
  Не е изгубен Universal Decimal Classification Не е повреден само за читалня Специални фондове ( старопечатни, редки и ценни, фонд М. Арнаудов) 853859 Регионална библиотека "Любен Каравелов" Русе Регионална библиотека "Любен Каравелов" Русе Редки и ценни 2021-09-21 Редки и ценни 0.04 8951 Рб 889 900000053266 0.02 Книги
  Не е изгубен Universal Decimal Classification Не е повреден само за читалня Специални фондове ( старопечатни, редки и ценни, фонд М. Арнаудов) 853860 Регионална библиотека "Любен Каравелов" Русе Регионална библиотека "Любен Каравелов" Русе Редки и ценни 2021-09-21 Редки и ценни 1.00 378635 Рб 889 120000378635 0.51 Книги
Vip Innovations Ltd, Rousse, Bulgaria 2025